000 00663nam a2200217 4500
010 _aB-167903
020 _a8175344911
_c165.00
035 _aB-167903
037 _bCen Lib / Ret
040 _aDPL
_bEn
082 _a344.01
_bKUM
100 _aKumar, H. L
245 _aLabour laws :
_beverybody should know /
_cby H. L. Kumar
250 _a3rd ed
260 _aNew Delhi
_bUniversal Law Publishing Ltd
_c2006
270 _aC-FF-1A, Dilkhush Industral Estate
_bNew Delhi
300 _axxi, 304p ;
_b24cm(PBK)
650 _aLabor laws and legislation
650 _aLabor laws and legislation -- India
942 _2ddc
_cEN
_h344.01
_mKUM
999 _c136913
_d136913